000 00752 a2200205 4500
005 20080825113934.0
008 080825t xxu||||| |||| 00| 0 eng d
010 _aENG-87101
020 _a8190405713
_c300.00
035 _aEN-70634
037 _bDBAD / PUB
082 _a331.25
100 _aSengar, Devendra
245 _aWorking life
_cby Devendra Sengar
260 _aDelhi
_bPriyanka Prakashan
_c2007
270 _aL-20/13, Street No.5, Shivaji Marg, Kartar Nagar,
_bDelhi
_e110 053
300 _a200p.
_c21cm (Hb )
942 _adpl
_cEN
_k331.25 / SEN
_2ddc
_h331.25
_mSEN
999 _c6043
_d6043